Search the Library Catalogue
| 000 -LEADER | |
|---|---|
| fixed length control field | 00676nam a2200229Ia 4500 |
| 008 - FIXED-LENGTH DATA ELEMENTS--GENERAL INFORMATION | |
| fixed length control field | 191130s2010##################000#0#eng## |
| 020 ## - INTERNATIONAL STANDARD BOOK NUMBER | |
| ISBN | 9780495802648 |
| 082 ## - DEWEY DECIMAL CLASSIFICATION NUMBER | |
| Classification number | 320 KAA |
| 100 ## - MAIN ENTRY--AUTHOR NAME | |
| Personal name | Kaarbo, Juliet |
| 245 ## - TITLE STATEMENT | |
| Title | Global politics |
| Statement of responsibility, etc | Juliet Kaarbo, James Lee Ray |
| 250 ## - EDITION STATEMENT | |
| Edition statement | 10th ed |
| 260 ## - PUBLICATION, DISTRIBUTION, ETC. (IMPRINT) | |
| Place of publication | Boston, MA |
| Name of publisher | Cengage Learning |
| Year of publication | 2010 |
| 300 ## - PHYSICAL DESCRIPTION | |
| Number of Pages | xviii, 590 p. : ill. ; 24 cm |
| 500 ## - GENERAL NOTE | |
| General note | Includes bibliographical references (p. 537-574) and index |
| 650 ## - SUBJECT ADDED ENTRY--TOPICAL TERM | |
| Topical Term | World politics - 20th century |
| 700 ## - ADDED ENTRY--PERSONAL NAME | |
| Personal name | Ray, James Lee |
| 991 ## - | |
| -- | 194711 |
| Withdrawn status | Lost status | Damaged status | Not for loan | Home library | Current library | Shelving location | Date acquired | Full call number | Accession Number | Price effective from | Koha item type |
|---|---|---|---|---|---|---|---|---|---|---|---|
| Anna Centenary Library | Anna Centenary Library | 3RD FLOOR, B WING | 13.10.2020 | 320 KAA | 185533 | 13.10.2020 | English Books |